[Event "Malaya Zemlya op"]
[Site "Novorossiysk"]
[Date "2021.07.17"]
[Round "6"]
[White "Chumak, Vadim"]
[Black "Khudyakov, Stanislav"]
[Result "0-1"]
[WhiteElo "2081"]
[BlackElo "2237"]
[PlyCount "154"]
[EventDate "2021.07.12"]
[EventType "swiss"]
[EventRounds "9"]
[EventCountry "RUS"]
[SourceTitle "CBM 203 Extra"]
[Source "ChessBase"]
[SourceDate "2021.09.30"]
[SourceVersion "1"]
[SourceVersionDate "2021.09.30"]
[SourceQuality "1"]

1. e4 c5 2. Nf3 Nc6 3. d4 cxd4 4. Nxd4 Nf6 5. Nc3 e5 6. Ndb5 d6 7. Bg5 a6 8. Na3 b5 9. Nd5 Be7 10. Bxf6 Bxf6 11. c3 0-0 12. Nc2 Rb8 13. Bd3 Bg5 14. 0-0 Ne7 15. Nce3 Nxd5 16. Nxd5 Be6 17. Bc2 a5 18. b3 Rc8 19. Qd3 Bxd5 20. exd5 f5 21. c4 e4 22. Qe2 bxc4 23. bxc4 Qc7 24. Bb3 Qc5 25. Kh1 Qb4 26. Qd1 g6 27. Rb1 Qc3 28. Qe2 Rc7 29. f3 e3 30. f4 Bf6 31. Rbc1 Qd4 32. Rf3 Re8 33. Re1 Ree7 34. a4 Rb7 35. Rxe3 Qxf4 36. g3 Qd4 37. Re6 Be5 38. Qf3 Qb2 39. Rxe7 Rxe7 40. c5 Rb7 41. Bc4 Qb4 42. Rxe5 dxe5 43. c6 Rf7 44. Qb3 Qd6 45. Ba6 Rc7 46. Bb7 e4 47. Kg2 g5 48. Qe3 h6 49. Qd4 e3 50. Qxe3 Qxd5+ 51. Kg1 Kf7 52. Qc3 Qd1+ 53. Kg2 Re7 54. Ba6 Qd6 55. Bb5 g4 56. h4 h5 57. Kh2 Qb4 58. Qc2 Qe4 59. Bd3 Qe5 60. Bxf5 Qe2+ 61. Qxe2 Rxe2+ 62. Kg1 Re1+ 63. Kf2 Rc1 64. Bd7 Ke7 65. Ke3 Rc4 66. Bf5 Rxc6 67. Kf4 Kf6 68. Bd7 Rc3 69. Be8 Rf3+ 70. Ke4 Rxg3 71. Bxh5 Ra3 72. Kf4 Rxa4+ 73. Kg3 Kf5 74. Be8 Ra3+ 75. Kg2 Kf4 76. h5 Ra2+ 77. Kg1 Ke5 0-1

[Event "Golubitskaya op"]
[Site "Golubitskaya"]
[Date "2014.06.30"]
[Round "9"]
[White "Zaitsev, Vladimir"]
[Black "Chumak, Vadim"]
[Result "1-0"]
[WhiteElo "2433"]
[BlackElo "1730"]
[PlyCount "53"]
[EventDate "2014.06.21"]
[EventType "swiss"]
[EventRounds "9"]
[EventCountry "RUS"]
[SourceTitle "EXT 2015"]
[Source "ChessBase"]
[SourceDate "2014.11.20"]
[SourceVersion "1"]
[SourceVersionDate "2014.11.20"]
[SourceQuality "1"]

1. d4 d5 2. c4 c6 3. e3 Nf6 4. Nc3 a6 5. a3 b5 6. c5 Nbd7 7. f4 Ne4 8. Nf3 f5 9. Be2 e6 10. 0-0 Be7 11. Bd2 0-0 12. b4 Bb7 13. a4 Qc7 14. Qc2 Kh8 15. axb5 axb5 16. Nxe4 dxe4 17. Ne5 Nxe5 18. dxe5 g5 19. Rxa8 Rxa8 20. g4 gxf4 21. exf4 Bc8 22. Bc3 Qa7 23. Ra1 Qb7 24. Rxa8 Qxa8 25. gxf5 exf5 26. e6+ Kg8 27. Bh5 1-0

[Event "Krasnodar Region Cup"]
[Site "Krasnodar"]
[Date "2013.01.26"]
[Round "4"]
[White "Chumak, Vadim"]
[Black "Korolkov, Yury"]
[Result "0-1"]
[WhiteElo "1611"]
[BlackElo "1792"]
[PlyCount "74"]
[EventDate "2013.01.23"]
[EventType "swiss"]
[EventRounds "8"]
[EventCountry "RUS"]
[SourceTitle "EXT 2023"]
[Source "ChessBase"]
[SourceDate "2022.10.05"]
[SourceVersion "1"]
[SourceVersionDate "2022.10.05"]
[SourceQuality "1"]

1. e4 c5 2. Nf3 Nc6 3. d4 cxd4 4. Nxd4 Nf6 5. Nc3 e5 6. Ndb5 d6 7. Bg5 a6 8. Na3 Qa5 9. Nc4 Qc7 10. Bxf6 gxf6 11. Nd5 Qd8 12. Qf3 f5 13. Ncb6 Rb8 14. exf5 Nd4 15. Qc3 Bh6 16. Nc7+ Kf8 17. g4 Bd7 18. Ncd5 Rg8 19. Nxd7+ Qxd7 20. Nf6 Qd8 21. Nxg8 Rc8 22. Bc4 Kxg8 23. Qd3 Qc7 24. Bb3 Qc6 25. f3 Nxf3+ 26. Kf2 e4 27. Qd5 Qb6+ 28. Kg2 Qe3 29. Qd1 Nh4+ 30. Kf1 Qh3+ 31. Ke1 Nf3+ 32. Kf2 e3+ 33. Ke2 Qg2+ 34. Kd3 Ne5+ 35. Kd4 e2 36. Qg1 Nf3+ 37. Kd3 Nxg1 0-1

[Event "Krasnodar Region Cup"]
[Site "Krasnodar"]
[Date "2013.01.23"]
[Round "1"]
[White "Shamsijarov, Aleksandr"]
[Black "Chumak, Vadim"]
[Result "1-0"]
[WhiteElo "2017"]
[BlackElo "1611"]
[PlyCount "75"]
[EventDate "2013.01.23"]
[EventType "swiss"]
[EventRounds "8"]
[EventCountry "RUS"]
[SourceTitle "EXT 2023"]
[Source "ChessBase"]
[SourceDate "2022.10.05"]
[SourceVersion "1"]
[SourceVersionDate "2022.10.05"]
[SourceQuality "1"]

1. e4 c5 2. Nf3 e6 3. Nc3 Nc6 4. g3 d5 5. d3 d4 6. Ne2 e5 7. Bg2 Bd6 8. 0-0 Nge7 9. Nh4 0-0 10. f4 f6 11. f5 b5 12. a4 c4 13. g4 cxd3 14. Qxd3 Nb4 15. Qb3+ Kh8 16. Ng6+ hxg6 17. Rf3 Nbd5 18. Rh3+ Kg8 19. fxg6 Bxg4 20. Rh4 bxa4 21. Qg3 Nxg6 22. Rxg4 Nde7 23. Rxg6 Nxg6 24. Qxg6 Qc7 25. Bh3 Qf7 26. Qg2 g6 27. Bh6 Rfe8 28. Rf1 Kh7 29. Bg5 Be7 30. Bd7 Red8 31. Qh3+ Kg7 32. Qh6+ Kg8 33. Bxa4 Qg7 34. Bb3+ Kf8 35. Qh4 f5 36. Bxe7+ Ke8 37. Bf6 Qf7 38. Bxf7+ 1-0

[Event "Krasnodar Winter B"]
[Site "Krasnodar"]
[Date "2011.02.08"]
[Round "11"]
[White "Sverkunov, Oleg"]
[Black "Chumak, Vadim"]
[Result "1-0"]
[WhiteElo "1895"]
[BlackElo "1464"]
[PlyCount "73"]
[EventDate "2011.02.02"]
[EventType "tourn"]
[EventRounds "13"]
[EventCountry "RUS"]
[SourceTitle "EXT 2022"]
[Source "ChessBase"]
[SourceDate "2021.10.06"]
[SourceVersion "1"]
[SourceVersionDate "2021.10.06"]
[SourceQuality "1"]

1. c4 e5 2. Nc3 d6 3. Nf3 Nc6 4. d4 exd4 5. Nxd4 Nxd4 6. Qxd4 c5 7. Qd3 Nf6 8. Bg5 Be7 9. Rd1 a6 10. g3 0-0 11. Bg2 Rb8 12. 0-0 Be6 13. b3 Re8 14. Bxf6 Bxf6 15. Ne4 Bf5 16. Nxf6+ Qxf6 17. e4 Bc8 18. Qxd6 Qxd6 19. Rxd6 Be6 20. Rfd1 h6 21. f4 f6 22. R1d2 Kf7 23. f5 Bc8 24. Bf3 g6 25. R2d5 Re5 26. Rxe5 fxe5 27. Rxg6 Bd7 28. Rxh6 Kg7 29. Rd6 Bc6 30. Kf2 Rh8 31. h4 Kf7 32. h5 Ke7 33. Re6+ Kf7 34. Rxe5 Kf6 35. Re6+ Kf7 36. h6 Kf8 37. g4 1-0

[Event "Krasnodar Winter B"]
[Site "Krasnodar"]
[Date "2011.02.03"]
[Round "3"]
[White "Sarian, Ashot"]
[Black "Chumak, Vadim"]
[Result "1-0"]
[WhiteElo "1765"]
[BlackElo "1464"]
[PlyCount "87"]
[EventDate "2011.02.02"]
[EventType "tourn"]
[EventRounds "13"]
[EventCountry "RUS"]
[SourceTitle "EXT 2022"]
[Source "ChessBase"]
[SourceDate "2021.10.06"]
[SourceVersion "1"]
[SourceVersionDate "2021.10.06"]
[SourceQuality "1"]

1. e4 e5 2. Nf3 Nf6 3. Nc3 Nc6 4. Bc4 Bc5 5. 0-0 0-0 6. d3 d6 7. Be3 Nd4 8. h3 h6 9. Bxd4 exd4 10. Ne2 d5 11. exd5 Nxd5 12. Nexd4 Nb6 13. Nb3 Nxc4 14. dxc4 Qxd1 15. Raxd1 Bd6 16. Rfe1 Be6 17. Nbd2 Rfe8 18. Nd4 Bd7 19. N2b3 Rxe1+ 20. Rxe1 Re8 21. Rxe8+ Bxe8 22. Nb5 Be5 23. Nc5 a6 24. Nd3 axb5 25. Nxe5 bxc4 26. Nxc4 Kf8 27. f4 Ke7 28. Kf2 g5 29. Kg3 f6 30. fxg5 hxg5 31. h4 Bf7 32. b3 Ke6 33. hxg5 fxg5 34. Kg4 Kf6 35. a4 Bg6 36. Ne3 Be4 37. c4 b6 38. Nd5+ Bxd5 39. cxd5 Kg6 40. b4 Kf6 41. a5 bxa5 42. bxa5 Ke5 43. a6 Kxd5 44. a7 1-0